Cities that End in M by Clue - Statistics

General Stats
  • This quiz has been taken 20,815 times
    18,897 since last reset
  • The average score is 11 of 20
Answer Stats
Description City % Correct
Holiest city in Judaism Jerusalem
97%
By law, the capital of the Netherlands Amsterdam
96%
Most populous city in the Nordic countries Stockholm
94%
Massachusetts town where witch trials were held in 1692 and 1693 Salem
76%
Europe's largest port Rotterdam
75%
Home to Black Sabbath and the Peaky Blinders gang Birmingham
71%
Robin Hood lived near here Nottingham
69%
Capital located on the confluence of the Blue and White Nile Khartoum
67%
The largest city in Tanzania, but not its capital Dar es Salaam
59%
Dutch city that is the namesake of a neighborhood in Manhattan Haarlem
59%
The L.A. suburb where Disneyland can be found Anaheim
58%
The Church of the Nativity can be found in this small city in Palestine Bethlehem
53%
City just outside Berlin where the "Big 3" Allied leaders met in August, 1945 Potsdam
49%
Third largest city in Norway and, before 1217, its capital Trondheim
37%
Russian city near the Ural mountains known as Molotov from 1940–1957. (Hint: four letters, a hair style) Perm
36%
One of the major cities in North Carolina's Research Triangle Durham
32%
Karl Benz invented the automobile while working in this city at the intersection of the Rhine and Neckar Mannheim
32%
Shia holy site in Iran whose name has three letters Qom
28%
Albert Einstein was born in this German city whose church was briefly the tallest building in the world Ulm
26%
Most populous Saudi city on the Persian Gulf Dammam
23%
No matching quizzes found
Score Distribution
Percent of People with Each Score
Percentile by Number Answered
Your Score History
You have not taken this quiz since the last reset